Statistics for Minecraft: Wool Colors

Click here to take the quiz!

General Stats

  • This quiz has been taken 2,502 times
  • The average score is 13 of 15

Answer Stats

HintAnswer% Correct
ColorBlue
98%
ColorRed
98%
ColorBlack
97%
ColorGreen
96%
ColorYellow
95%
ColorOrange
94%
ColorPink
94%
ColorPurple
94%
ColorGrey
81%
ColorBrown
79%
ColorCyan
79%
ColorLime
79%
ColorMagenta
78%
ColorLight Blue
77%
ColorLight Grey
64%

Score Distribution

Percentile by Number Answered

Percent of People with Each Score

Your Score History

You have not taken this quiz